| 000 | 00562nam a2200169 i 4500 | ||
|---|---|---|---|
| 001 | 87067 | ||
| 003 | ES-MaACL | ||
| 005 | 20230906175603.0 | ||
| 007 | t| | ||
| 008 | 041217s1965 sp ||||1| spa d | ||
| 100 | 1 |
_aKoch, Helmut. _968399 |
|
| 245 | 1 | 0 |
_aManual de la tecnología de la soldadura eléctrica por arco / _cHelmut Koch ; [versión española por José Conesa Rodríguez]. |
| 260 |
_aBarcelona, etc. : _bReverte, _c[1965] |
||
| 300 |
_a738 p. : _bil. ; _c22 cm. |
||
| 700 | 1 |
_aConesa Rodríguez, José. _940167 |
|
| 852 |
_aES-MaACL _jC-28611 _bR.58006 |
||
| 999 |
_c87067 _d87067 |
||